000 00524nam a2200169Ia 4500
008 090201s9999 xx 000 0 und d
010 _aKPL-57370
040 _bमराठी
041 _aमराठी
082 _a10376
_b57370
100 _aमंदाकिनी भारद्वाज
245 _aनाती
_cमंदाकिनी भारद्वाज
260 _c2004
_bस्वप्न प्रकाशन
300 _a192
_bमोठा
600 _aनाती
942 _cBOOK
999 _c210830
_d210830